[Event "Fagernes Chess International 2014"]
[Site "Fagernes"]
[Date "2014.04.13"]
[Round "7"]
[White "Machlik, Monika"]
[Black "Machlik, Endre"]
[Result "0-1"]
[WhiteElo "1976"]
[BlackElo "1790"]
[PlyCount "88"]
[EventDate "2014.??.??"]

1. d4 d5 2. c4 c6 3. Nc3 dxc4 4. e4 b5 5. a4 b4 6. Na2 Nf6 7. e5 Nd5 8. Bxc4 e6
9. Nf3 a5 10. O-O Be7 11. Nd2 O-O 12. Ne4 Ba6 13. Bxa6 Nxa6 14. Qg4 Kh8 15. Rd1
c5 16. Rd3 cxd4 17. Rh3 g6 18. Ng5 Bxg5 19. Bxg5 f6 20. Bh6 f5 21. Qxd4 Rf7 22.
Rd3 Rc8 23. Rc1 Rfc7 24. b3 Nc5 25. Rh3 Ne4 26. Rxc7 Qxc7 27. f3 Nec3 28. Nc1
Rd8 29. Bg5 Rd7 30. g4 Nb6 31. Qf2 Rd1+ 32. Kg2 Ncd5 33. Ne2 Qxe5 34. gxf5 Qxf5
35. Bc1 Rxc1 36. Nxc1 Nf4+ 37. Kh1 Qxh3 38. Qd4+ Kg8 39. Qd8+ Kg7 40. Qc7+ Kg8
41. Qd8+ Kf7 42. Qc7+ Ke8 43. Qb8+ Ke7 44. Qc7+ Nd7
0-1

[Event "Fagernes Chess International 2014"]
[Site "Fagernes"]
[Date "2014.04.13"]
[Round "7"]
[White "Juriloo, Karl"]
[Black "Torgersen, Terje"]
[Result "0-1"]
[WhiteElo "1409"]
[BlackElo "1970"]
[PlyCount "102"]
[EventDate "2014.??.??"]

1. d4 Nf6 2. Nf3 g6 3. g3 Bg7 4. Bg2 O-O 5. c4 c5 6. d5 b5 7. O-O bxc4 8. Ne5
d6 9. Nxc4 Ba6 10. Qc2 Nfd7 11. Nba3 Ne5 12. Rb1 Nxc4 13. Nxc4 Bxc4 14. Qxc4
Nd7 15. Bg5 Re8 16. Bd2 a5 17. Bc3 Qc7 18. Bxg7 Kxg7 19. Be4 Reb8 20. f4 Nf6
21. Bf3 Rb4 22. Qc2 Rab8 23. e4 Qb6 24. Rf2 Rd4 25. Rd2 Qb4 26. Rxd4 Qxd4+ 27.
Qf2 Rb4 28. Qxd4 Rxd4 29. Re1 Rd2 30. b3 Rxa2 31. e5 Ng8 32. Re2 Ra3 33. Rb2 c4
34. Kf2 cxb3 35. Ke3 a4 36. Kd3 Ra1 37. Kc3 a3 38. Rxb3 Rc1+ 39. Kd2 a2 40.
Kxc1 a1=Q+ 41. Kc2 dxe5 42. fxe5 Qxe5 43. Kd2 Nf6 44. Rd3 Qb2+ 45. Ke3 Qxh2 46.
g4 Qg1+ 47. Kf4 g5+ 48. Kxg5 Qc1+ 49. Kh4 Qc2 50. Rd1 Qf2+ 51. Kg5 Qxf3
0-1

[Event "Fagernes Chess International 2014"]
[Site "Fagernes"]
[Date "2014.04.13"]
[Round "7"]
[White "Machlik, Edit"]
[Black "Kizatbay, Abyl"]
[Result "1-0"]
[WhiteElo "1913"]
[BlackElo "1144"]
[PlyCount "65"]
[EventDate "2014.??.??"]

1. d4 Nf6 2. c4 e6 3. Nc3 Bb4 4. Qc2 c5 5. dxc5 Na6 6. a3 Bxc5 7. Nf3 h6 8. e3
b6 9. g4 Bb7 10. Be2 Be7 11. Bd2 Rc8 12. Rg1 Nh7 13. Nb5 Nc7 14. Nxa7 Ra8 15.
Nb5 Nxb5 16. cxb5 Ng5 17. Nd4 Bd6 18. f4 Ne4 19. Nf3 Rc8 20. Qd3 Nxd2 21. Qxd2
Be7 22. Rc1 Rxc1+ 23. Qxc1 Qa8 24. Kf2 Bc5 25. Qc3 f6 26. Nh4 Kf7 27. Qd3 Be4
28. Qxd7+ Be7 29. Bc4 Bd5 30. Bxd5 exd5 31. Nf5 Re8 32. Nd6+ Kf8 33. Qxe8+
1-0

[Event "Fagernes Chess International 2014"]
[Site "Fagernes"]
[Date "2014.04.13"]
[Round "7"]
[White "Snerthammer, Daniel"]
[Black "Lien, Johan"]
[Result "1-0"]
[WhiteElo "1913"]
[BlackElo "1410"]
[PlyCount "77"]
[EventDate "2014.??.??"]

1. c4 e5 2. g3 Nf6 3. Bg2 Nc6 4. Nc3 Bc5 5. e4 O-O 6. Nge2 d6 7. O-O Be6 8. Nd5
Bg4 9. Ne3 Bxe2 10. Qxe2 Nd4 11. Qd1 c6 12. a3 a5 13. b3 Qd7 14. Rb1 b5 15.
cxb5 cxb5 16. Bb2 Rab8 17. Bxd4 Bxd4 18. Nf5 Bc5 19. d4 Bxa3 20. Qd2 h6 21.
Qxa5 Ra8 22. Qd2 d5 23. dxe5 dxe4 24. Qxd7 Nxd7 25. Bxe4 Rac8 26. f4 Bb4 27.
Rbc1 Rxc1 28. Rxc1 Bc5+ 29. Kg2 b4 30. Bc6 Rd8 31. Bxd7 Rxd7 32. Rxc5 Rd3 33.
Rc8+ Kh7 34. Rc7 Kg6 35. Nh4+ Kh5 36. Rxf7 g6 37. Nf3 Kg4 38. h3+ Kh5 39. g4#
1-0

[Event "Fagernes Chess International 2014"]
[Site "Fagernes"]
[Date "2014.04.13"]
[Round "7"]
[White "Galinskyi, Mykhalo"]
[Black "Bjornes, Leif"]
[Result "0-1"]
[WhiteElo "1448"]
[BlackElo "1873"]
[PlyCount "90"]
[EventDate "2014.??.??"]

1. e4 c6 2. d4 d5 3. exd5 cxd5 4. Bd3 Nc6 5. c3 g6 6. Bf4 Nh6 7. Nf3 Bf5 8. Bb5
Qb6 9. Qa4 Bg7 10. c4 O-O 11. c5 Qa5+ 12. Qxa5 Nxa5 13. Nc3 a6 14. Be2 Be6 15.
Ne5 Nf5 16. Rd1 Nc6 17. Nxc6 bxc6 18. Be3 Rab8 19. Rd2 Bc8 20. O-O e5 21. dxe5
Bxe5 22. Rfd1 d4 23. Bxd4 Nxd4 24. Rxd4 Bxd4 25. Rxd4 Rxb2 26. Bd1 Be6 27. Ra4
Rd8 28. Rxa6 Rxd1+ 29. Nxd1 Rb1 30. Ra8+ Kg7 31. Kf1 Rxd1+ 32. Ke2 Rc1 33. a4
Rxc5 34. a5 Rc2+ 35. Ke3 Bd5 36. g3 Ra2 37. a6 c5 38. Rd8 Be6 39. Rd6 c4 40.
Rc6 Bd5 41. Rc5 Be6 42. Rc6 Kf6 43. h4 Ke5 44. f4+ Kd5 45. Rb6 Kc5
0-1

[Event "Fagernes Chess International 2014"]
[Site "Fagernes"]
[Date "2014.04.13"]
[Round "7"]
[White "Kizatbay, Alseit"]
[Black "Rygg, Snorre"]
[Result "1/2-1/2"]
[WhiteElo "1408"]
[BlackElo "1821"]
[PlyCount "84"]
[EventDate "2014.??.??"]

1. d4 d5 2. Nf3 Nf6 3. g3 e6 4. Bg2 c6 5. O-O Be7 6. c4 O-O 7. Nc3 dxc4 8. Ne5
Nbd7 9. Nxc4 Nb6 10. b3 Nfd5 11. Bb2 Re8 12. e4 Nxc3 13. Bxc3 Bf6 14. Rc1 Rb8
15. Ne3 Bd7 16. f4 Rc8 17. Qd2 Rc7 18. Rfd1 Bc8 19. Bf1 Rd7 20. Qb2 h5 21. a4
Na8 22. Be2 g6 23. Nc4 b6 24. Ne5 Bxe5 25. dxe5 Ree7 26. Rd6 Nc7 27. Rcd1 Ne8
28. Rxd7 Rxd7 29. Rxd7 Qxd7 30. Qd2 Qxd2 31. Bxd2 Nc7 32. Kf2 Ba6 33. Bd1 Kf8
34. a5 Ke7 35. Ke3 Kd7 36. b4 Bf1 37. axb6 axb6 38. g4 hxg4 39. Bxg4 Na6 40. h4
c5 41. bxc5 Nxc5 42. h5 gxh5
1/2-1/2

[Event "Fagernes Chess International 2014"]
[Site "Fagernes"]
[Date "2014.04.13"]
[Round "7"]
[White "Dybvik, Bjørn Noralf"]
[Black "Gjertsen, Petter"]
[Result "1/2-1/2"]
[WhiteElo "1284"]
[BlackElo "1815"]
[PlyCount "47"]
[EventDate "2014.??.??"]

1. d4 Nf6 2. c4 e5 3. dxe5 Ng4 4. Bf4 Nc6 5. Nf3 Bb4+ 6. Nc3 Bxc3+ 7. bxc3 Qe7
8. e3 Ngxe5 9. Be2 d6 10. O-O O-O 11. Qc2 Nxf3+ 12. Bxf3 Ne5 13. Be2 Be6 14. c5
b6 15. Bxe5 dxe5 16. Bf3 Rad8 17. cxb6 cxb6 18. Rfd1 f6 19. a4 Qc5 20. Rd2 Rxd2
21. Qxd2 Rf7 22. Qd8+ Qf8 23. Qxf8+ Rxf8 24. a5
1/2-1/2

[Event "Fagernes Chess International 2014"]
[Site "Fagernes"]
[Date "2014.04.13"]
[Round "7"]
[White "Ødegaard, Per Chr"]
[Black "Berntsen-Øybø, August"]
[Result "0-1"]
[WhiteElo "1772"]
[BlackElo "1545"]
[PlyCount "50"]
[EventDate "2014.??.??"]

1. Nf3 Nf6 2. d4 e6 3. Bg5 d5 4. e3 Be7 5. Bd3 O-O 6. Nbd2 c5 7. c3 c4 8. Bb1
Nbd7 9. Ne5 Re8 10. Qf3 Nf8 11. h4 Qb6 12. b3 Qa5 13. b4 Qa3 14. O-O Qxc3 15.
Rd1 N8d7 16. a3 Nxe5 17. dxe5 Qxe5 18. Bc2 h6 19. Bf4 Qh5 20. Qh3 e5 21. Qg3
exf4 22. Qxf4 Qg4 23. Qc7 Qe6 24. Nf3 Qd6 25. Qxd6 Bxd6
0-1

[Event "Fagernes Chess International 2014"]
[Site "Fagernes"]
[Date "2014.04.13"]
[Round "7"]
[White "Heitun, Odd Gunnar"]
[Black "Risting, Eivind Olav"]
[Result "0-1"]
[WhiteElo "1273"]
[BlackElo "1743"]
[PlyCount "90"]
[EventDate "2014.??.??"]

1. e4 e6 2. d4 d5 3. Nc3 Nf6 4. Bg5 Be7 5. e5 Nfd7 6. Bxe7 Qxe7 7. Nb5 Nb6 8.
Nf3 O-O 9. Bd3 a6 10. Nc3 h6 11. h3 c5 12. dxc5 Qxc5 13. O-O Nc6 14. a3 Nd7 15.
Re1 b5 16. Qd2 Bb7 17. b4 Qb6 18. Rac1 Qc7 19. Qe3 Rac8 20. Nd1 Nb6 21. Nb2 Nb8
22. Nh2 Nc4 23. Nxc4 bxc4 24. Bf1 Nc6 25. c3 Ne7 26. g4 Qc6 27. Qd4 Ra8 28. Rc2
Qa4 29. Ra2 Nc6 30. Qd2 a5 31. Be2 axb4 32. cxb4 Qb3 33. Bf1 Rxa3 34. Rxa3 Qxa3
35. Rb1 Nxe5 36. Qd4 Ng6 37. b5 e5 38. Qb6 Ba8 39. Bg2 Nf4 40. Re1 Nxg2 41.
Kxg2 d4+ 42. f3 c3 43. Rxe5 c2 44. Rc5 d3 45. Qc7 d2
0-1

[Event "Fagernes Chess International 2014"]
[Site "Fagernes"]
[Date "2014.04.13"]
[Round "7"]
[White "Tallaksen, Henrik G"]
[Black "Robertsen, Bjørn"]
[Result "1-0"]
[WhiteElo "1743"]
[BlackElo "1185"]
[PlyCount "41"]
[EventDate "2014.??.??"]

1. c4 e5 2. Nc3 Nf6 3. e3 Bc5 4. Nf3 d6 5. d4 exd4 6. exd4 Bb4 7. Qa4+ Nc6 8.
d5 Bxc3+ 9. bxc3 O-O 10. dxc6 Qe7+ 11. Be2 Re8 12. Qd1 Ne4 13. Bd2 bxc6 14. Rc1
Ba6 15. Be3 f5 16. Kf1 g5 17. g3 f4 18. gxf4 gxf4 19. Bxf4 Qf6 20. Rg1+ Kf8 21.
Qd4
1-0

[Event "Fagernes Chess International 2014"]
[Site "Fagernes"]
[Date "2014.04.13"]
[Round "7"]
[White "Mørkedal, Øyvind"]
[Black "Cerkezovic, Emir"]
[Result "1/2-1/2"]
[WhiteElo "1729"]
[BlackElo "1407"]
[PlyCount "40"]
[EventDate "2014.??.??"]

1. e4 Nc6 2. Nf3 f5 3. exf5 d5 4. d4 Bxf5 5. Bb5 e6 6. Ne5 Nge7 7. Bg5 Qd6 8.
c3 h5 9. Bxe7 Bxe7 10. Qa4 O-O 11. Bxc6 bxc6 12. Qxc6 Qd8 13. Nd2 Bd6 14. Ndf3
Be4 15. O-O-O Qf6 16. Rde1 Qf4+ 17. Re3 Qh6 18. Kd1 Rab8 19. b3 Rb6 20. Qd7 Qf6
1/2-1/2

[Event "Fagernes Chess International 2014"]
[Site "Fagernes"]
[Date "2014.04.13"]
[Round "7"]
[White "Skrede, Snorre"]
[Black "Østgaard, Pål Inge"]
[Result "1-0"]
[WhiteElo "1729"]
[BlackElo "1284"]
[PlyCount "141"]
[EventDate "2014.??.??"]

1. d4 Nf6 2. c4 g6 3. Nc3 Bg7 4. g3 d6 5. Bg2 c6 6. Nf3 O-O 7. O-O Na6 8. e4
Nd7 9. Bg5 h6 10. Be3 e5 11. d5 c5 12. Qd2 Kh7 13. Nh4 Nf6 14. h3 Bd7 15. Kh2
Nh5 16. Ne2 Nc7 17. Nf3 b5 18. cxb5 Nxb5 19. g4 Nf6 20. g5 Ng8 21. h4 h5 22.
Ng3 Nd4 23. Ng1 f5 24. Bxd4 cxd4 25. exf5 Bxf5 26. Nxf5 Rxf5 27. Nh3 Ne7 28.
Qe2 Rb8 29. Be4 Rf8 30. Qxh5+ Kg8 31. Bxg6 Nxg6 32. Qxg6 Rxb2 33. h5 Qe8 34.
Qxe8 Rxe8 35. h6 Bh8 36. Kg3 e4 37. g6 Be5+ 38. Kg4 d3 39. Ng5 Rb4 40. Kf5 Bxa1
41. Rxa1 Rf8+ 42. Nf7 Rxf7+ 43. gxf7+ Kxf7 44. Rg1 e3 45. fxe3 Rh4 46. Rd1 Rxh6
47. Rxd3 Rh5+ 48. Kg4 Rh2 49. Ra3 Kf6 50. Rxa7 Ke5 51. a4 Kxd5 52. a5 Ra2 53.
a6 Kc6 54. Kf5 Kd5 55. Ra8 Kc6 56. Ke6 Kc7 57. a7 Kb7 58. Rd8 Kxa7 59. Rxd6 Re2
60. Rd3 Kb6 61. Kd5 Rh2 62. e4 Re2 63. e5 Kc7 64. Ke6 Kc6 65. Kf6 Rf2+ 66. Ke7
Re2 67. e6 Re1 68. Kf7 Rf1+ 69. Ke8 Re1 70. e7 Re2 71. Kd8
1-0

[Event "Fagernes Chess International 2014"]
[Site "Fagernes"]
[Date "2014.04.13"]
[Round "7"]
[White "Fossan, Andreas"]
[Black "Kløfsrud, August Kristiansen"]
[Result "1/2-1/2"]
[WhiteElo "1699"]
[BlackElo "1110"]
[PlyCount "92"]
[EventDate "2014.??.??"]

1. d4 f5 2. Bg5 Nf6 3. e3 d5 4. c4 c6 5. Bxf6 exf6 6. cxd5 Bb4+ 7. Nc3 Qxd5 8.
a3 Bxc3+ 9. bxc3 Be6 10. c4 Qa5+ 11. Qd2 Qxd2+ 12. Kxd2 Na6 13. Ne2 Bxc4 14.
Kc3 Bd5 15. Nf4 Nc7 16. f3 O-O-O 17. Bd3 g6 18. h4 Rhe8 19. Kd2 Kb8 20. Rab1
Re7 21. Rhe1 Rdd7 22. h5 Bf7 23. hxg6 hxg6 24. Rec1 Ka8 25. Rh1 Re8 26. Rh6 g5
27. Ne2 Nd5 28. e4 fxe4 29. fxe4 Nf4 30. Nxf4 gxf4 31. Rxf6 Rxd4 32. Rxf4 Red8
33. Rf3 b6 34. Ke2 Bh5 35. Rb3 Bxf3+ 36. gxf3 c5 37. Bb5 R8d6 38. Rb1 Kb7 39.
Rh1 Rd8 40. Rh7+ Kb8 41. a4 c4 42. Rh1 c3 43. Rc1 Rd2+ 44. Ke3 c2 45. e5 Rh2
46. e6 Rd6
1/2-1/2

[Event "Fagernes Chess International 2014"]
[Site "Fagernes"]
[Date "2014.04.13"]
[Round "7"]
[White "Skaug, Thorbjørn"]
[Black "Bue, Gunnar"]
[Result "1/2-1/2"]
[WhiteElo "1631"]
[BlackElo "1693"]
[PlyCount "41"]
[EventDate "2014.??.??"]

1. b4 Nf6 2. Bb2 e6 3. b5 Be7 4. e3 O-O 5. Nf3 b6 6. Be2 Bb7 7. c4 d5 8. O-O
Nbd7 9. d3 dxc4 10. dxc4 c6 11. a4 Qc7 12. Nbd2 c5 13. Qc2 Rad8 14. Rad1 Ng4
15. h3 Nge5 16. Nxe5 Nxe5 17. Bxe5 Qxe5 18. Nf3 Qc7 19. Rxd8 Rxd8 20. Rd1 Rxd1+
21. Qxd1
1/2-1/2

[Event "Fagernes Chess International 2014"]
[Site "Fagernes"]
[Date "2014.04.13"]
[Round "7"]
[White "Kaasen, Tor Fredrik"]
[Black "Yilmaz, Kazim"]
[Result "1-0"]
[WhiteElo "1527"]
[BlackElo "1683"]
[PlyCount "79"]
[EventDate "2014.??.??"]

1. e4 d5 2. exd5 Qxd5 3. Nc3 Qd8 4. Bc4 Nf6 5. d3 Bg4 6. f3 Bf5 7. Be3 e6 8.
Qd2 Nd5 9. Bxd5 exd5 10. g4 Be6 11. Nge2 Nc6 12. d4 Bb4 13. Nf4 Qd7 14. O-O-O
O-O-O 15. a3 Bxc3 16. Qxc3 Ne7 17. Rhe1 Ng6 18. Nxe6 fxe6 19. h4 Rdf8 20. h5
Nh4 21. f4 Ng2 22. Rf1 Nxe3 23. Qxe3 Rf7 24. Rde1 Rhf8 25. Qe5 Qd6 26. Qxd6
cxd6 27. Rxe6 Rxf4 28. Rxf4 Rxf4 29. Rxd6 Rxd4 30. g5 Kc7 31. h6 g6 32. Rf6 Rg4
33. Rf7+ Kc8 34. Rxh7 Rxg5 35. Rg7 Rg1+ 36. Kd2 Rh1 37. h7 Rh2+ 38. Ke3 Rh3+
39. Kf2 Rh2+ 40. Kg3
1-0

[Event "Fagernes Chess International 2014"]
[Site "Fagernes"]
[Date "2014.04.13"]
[Round "7"]
[White "Heier, Odin Nikolai"]
[Black "Sundsbø, Sigve"]
[Result "1/2-1/2"]
[WhiteElo "1488"]
[BlackElo "1663"]
[PlyCount "102"]
[EventDate "2014.??.??"]

1. e4 e6 2. d4 d5 3. Nc3 Bb4 4. e5 c5 5. a3 Bxc3+ 6. bxc3 Qa5 7. Bd2 Qa4 8. Qb1
c4 9. f4 Nc6 10. Nf3 Nge7 11. Be2 Bd7 12. O-O O-O-O 13. Qb2 Kb8 14. Rfb1 b6 15.
Ng5 Rdf8 16. Nh3 h6 17. Nf2 g6 18. Nd1 Nf5 19. Qc1 h5 20. Nb2 Qa6 21. a4 Na5
22. Nd1 Nc6 23. Qa3 Ka8 24. Ne3 Nxe3 25. Bxe3 Qb7 26. Bf2 Re8 27. Bh4 Bc8 28.
Bf6 Rhg8 29. Bf3 Bd7 30. Rb2 Na5 31. Rab1 Qc6 32. Ra2 Qc7 33. Rab2 Qc6 34. Rb4
Qc7 35. Kf2 Qc6 36. Ra1 Qc7 37. Rb2 Bc6 38. h3 Qd7 39. Rba2 Nb7 40. Rh1 Ref8
41. g4 hxg4 42. hxg4 Re8 43. Rh7 Rgf8 44. Qb4 Rg8 45. Ra1 Qc7 46. Kg3 Qd7 47.
Be2 Rgf8 48. Bg7 Rg8 49. Bf6 Rgf8 50. Bf3 Rg8 51. Be2 Rgf8
1/2-1/2

[Event "Fagernes Chess International 2014"]
[Site "Fagernes"]
[Date "2014.04.13"]
[Round "7"]
[White "Wærstad, Leif E"]
[Black "Myhre, Mads Wollan"]
[Result "1-0"]
[WhiteElo "1560"]
[BlackElo "1487"]
[PlyCount "113"]
[EventDate "2014.??.??"]

1. Nf3 d5 2. d4 Nf6 3. c4 c6 4. e3 Bf5 5. Nc3 e6 6. Be2 Bd6 7. Qb3 Qc7 8. Bd2
Nbd7 9. Rc1 O-O 10. cxd5 exd5 11. Nb5 Qb8 12. Nxd6 Qxd6 13. Bb4 c5 14. dxc5 Qe6
15. O-O Rfe8 16. Nd4 Qe5 17. c6 bxc6 18. Nxc6 Qe6 19. Nd4 Qe5 20. Qa3 Ne4 21.
Nf3 Qf6 22. Rfd1 Nb6 23. b3 Bg4 24. Be1 h5 25. Nd4 Bxe2 26. Nxe2 Qg6 27. Nf4
Qg5 28. Qb2 Rad8 29. Qd4 Nf6 30. Rc7 Re4 31. Qc5 Nbd7 32. Qxa7 Rde8 33. h3 Ne5
34. Kf1 Ng6 35. Nxg6 Qxg6 36. Rc3 h4 37. f3 Qf5 38. Kg1 R4e7 39. Qd4 Qg5 40.
Bf2 Nh5 41. Bxh4 Qg6 42. Bxe7 Rxe7 43. Qxd5 Ng3 44. Rc8+ Kh7 45. Qd3 Qxd3 46.
Rxd3 Ra7 47. a4 Rb7 48. e4 Nh5 49. Kf2 Nf4 50. Rdc3 Ne6 51. Ke3 Kg6 52. f4 Kf6
53. g4 g5 54. f5 Nf4 55. R8c6+ Kg7 56. a5 f6 57. Rc7+
1-0

[Event "Fagernes Chess International 2014"]
[Site "Fagernes"]
[Date "2014.04.13"]
[Round "7"]
[White "Sajjadi, Kimiya"]
[Black "Merkesvik, Amalie Isabel"]
[Result "1-0"]
[WhiteElo "1503"]
[BlackElo "1521"]
[PlyCount "67"]
[EventDate "2014.??.??"]

1. d4 d5 2. c4 e6 3. Nc3 Nf6 4. Bg5 Bb4 5. e3 h6 6. Bh4 g5 7. Bg3 Ne4 8. Rc1
Nxg3 9. hxg3 b6 10. Qa4+ Nc6 11. Qxc6+ Bd7 12. Qb7 a5 13. cxd5 Rb8 14. Qa6 exd5
15. Qd3 Be6 16. Nf3 c5 17. a3 c4 18. Qc2 Be7 19. Ne5 Qc8 20. Be2 Bf5 21. Qa4+
Kf8 22. Nc6 Rb7 23. Nxe7 Rxe7 24. Nxd5 Rd7 25. Nxb6 Qb7 26. Nxd7+ Bxd7 27. Qxc4
Qxg2 28. Rf1 Qb7 29. b4 axb4 30. Qc7 Qe4 31. Qxd7 bxa3 32. Bh5 Rh7 33. Rc8+ Kg7
34. Qxf7#
1-0

[Event "Fagernes Chess International 2014"]
[Site "Fagernes"]
[Date "2014.04.13"]
[Round "7"]
[White "Larsen, Per Magnus"]
[Black "Ødegaard, Karl Eirik"]
[Result "1/2-1/2"]
[WhiteElo "1023"]
[BlackElo "1257"]
[PlyCount "48"]
[EventDate "2014.??.??"]

1. d4 d5 2. c4 e6 3. Nc3 Nf6 4. Bg5 Be7 5. e3 h6 6. Bh4 c6 7. Bd3 dxc4 8. Bxc4
Nbd7 9. Nf3 Nb6 10. Bb3 Nbd5 11. O-O Nxc3 12. bxc3 Ne4 13. Bxe7 Qxe7 14. Qc2
Nf6 15. Rad1 O-O 16. e4 Bd7 17. h3 b5 18. Ne5 a5 19. Nxd7 Qxd7 20. a4 Rfc8 21.
Qd3 Rd8 22. Bc2 g6 23. Rb1 Rab8 24. Qe3 Kg7
1/2-1/2

[Event "Fagernes Chess International 2014"]
[Site "Fagernes"]
[Date "2014.04.13"]
[Round "7"]
[White "Bakkejord, Odd Vidar"]
[Black "Skjølingstad, Sverre"]
[Result "0-1"]
[WhiteElo "1225"]
[BlackElo "1073"]
[PlyCount "110"]
[EventDate "2014.??.??"]

1. d4 Nf6 2. g3 g6 3. Bg2 Bg7 4. e4 c6 5. Ne2 O-O 6. Nbc3 d6 7. Bf4 Nh5 8. Bg5
f6 9. Be3 e5 10. g4 Bxg4 11. Qd2 Bxe2 12. Nxe2 f5 13. Bg5 Bf6 14. Bh6 Rf7 15.
O-O-O fxe4 16. Bxe4 d5 17. Bf3 exd4 18. Nxd4 Bxd4 19. Bxh5 Bg7 20. Bxg7 Kxg7
21. Qd4+ Qf6 22. Qxf6+ Rxf6 23. Bg4 Na6 24. Rde1 Raf8 25. Re7+ R6f7 26. Rhe1
Kf6 27. Rxf7+ Kxf7 28. a3 Nc7 29. Kd2 Re8 30. Rxe8 Kxe8 31. Ke3 Ke7 32. Kf4 Kf6
33. h4 h6 34. Bc8 b6 35. c3 Ne6+ 36. Ke3 Ke5 37. Bb7 c5 38. Bc8 a5 39. Bxe6
Kxe6 40. Kf4 a4 41. f3 Kf6 42. Ke3 Kf5 43. Kf2 Kf4 44. Ke2 g5 45. hxg5 Kxg5 46.
Ke3 Kf5 47. f4 h5 48. Kf3 h4 49. Ke3 h3 50. Kf3 h2 51. Kg2 Kxf4 52. Kxh2 d4 53.
cxd4 cxd4 54. Kg2 Ke3 55. Kf1 Kd2
0-1

[Event "Fagernes Chess International 2014"]
[Site "Fagernes"]
[Date "2014.04.13"]
[Round "8"]
[White "Lien, Kjell Håkon"]
[Black "Arntsen, Frode"]
[Result "1-0"]
[WhiteElo "2050"]
[BlackElo "1803"]
[PlyCount "60"]
[EventDate "2014.??.??"]

1. Nf3 Nf6 2. g3 g6 3. Bg2 Bg7 4. O-O O-O 5. c4 c5 6. Nc3 Nc6 7. d4 cxd4 8.
Nxd4 Nxd4 9. Qxd4 d6 10. Rd1 Rb8 11. Qxa7 Bd7 12. Qd4 Bc6 13. Qd2 Qd7 14. e4
Qe6 15. Qe2 Nd7 16. Be3 Bxc3 17. bxc3 Bxe4 18. Bxe4 Qxe4 19. Rd4 Qe6 20. Re1
Nc5 21. Qd2 Qc8 22. Rh4 Ne6 23. Bd4 f6 24. Rhe4 Ng5 25. R4e3 Qc6 26. h4 Nf3+
27. Rxf3 Qxf3 28. Rxe7 Rbe8 29. Qe1 Rxe7 30. Qxe7 Kh8 1-0

[Event "Fagernes Chess International 2014"]
[Site "Fagernes"]
[Date "2014.04.13"]
[Round "8"]
[White "Ayzenberg, Alena"]
[Black "Kizatbay, Alseit"]
[Result "0-1"]
[WhiteElo "1929"]
[BlackElo "1408"]
[PlyCount "102"]
[EventDate "2014.??.??"]

1. Nf3 d5 2. c4 e6 3. g3 Nf6 4. Bg2 Be7 5. O-O O-O 6. d4 c6 7. Nc3 Nbd7 8. c5
b6 9. b4 a5 10. b5 cxb5 11. c6 Nb8 12. Ne5 Ba6 13. a4 bxa4 14. Qxa4 Bb4 15. Nb5
Ne8 16. Bf4 g5 17. c7 Nxc7 18. Nxc7 Qxc7 19. Ng6 gxf4 20. Nxf8 Bxf8 21. Rfc1
Qd8 22. e4 fxe3 23. fxe3 Ra7 24. e4 Bh6 25. Rd1 Bc4 26. exd5 exd5 27. Re1 Re7
28. Qa3 Nc6 29. Qf3 Nxd4 30. Qg4+ Bg7 31. Rxe7 Qxe7 32. Qc8+ Qf8 33. Qg4 Ne6
34. Rd1 Qc5+ 35. Kh1 b5 36. Qf5 d4 37. Qf3 a4 38. Rc1 Qa7 39. Bf1 Qa6 40. Bxc4
bxc4 41. Rf1 Nd8 42. Qf4 d3 43. Rb1 Ne6 44. Rb8+ Nf8 45. Qg5 Qf6 46. Rxf8+ Kxf8
47. Qc5+ Kg8 48. Qc8+ Bf8 49. Qg4+ Kh8 50. Kg2 d2 51. Qc8 Qd6 0-1

[Event "Fagernes Chess International 2014"]
[Site "Fagernes"]
[Date "2014.04.13"]
[Round "8"]
[White "Bue, Gunnar"]
[Black "Bakkejord, Odd Vidar"]
[Result "1-0"]
[WhiteElo "1693"]
[BlackElo "1225"]
[PlyCount "35"]
[EventDate "2014.??.??"]

1. d4 Nf6 2. c4 g6 3. Nc3 Bg7 4. e4 d6 5. f3 O-O 6. Be3 Nbd7 7. Qd2 e5 8. d5 a6
9. O-O-O Ne8 10. a4 c6 11. h4 f6 12. Nge2 Qa5 13. Ng3 b5 14. dxc6 Nb6 15. h5
Nxc4 16. Qd5+ Rf7 17. Bxc4 bxc4 18. Qxa5
1-0

[Event "Fagernes Chess International 2014"]
[Site "Fagernes"]
[Date "2014.04.13"]
[Round "8"]
[White "Hølleland, Sigve"]
[Black "Bentsen, Håkon"]
[Result "1-0"]
[WhiteElo "1871"]
[BlackElo "2074"]
[PlyCount "135"]
[EventDate "2014.??.??"]

1. d4 d5 2. c4 e6 3. Nf3 Nf6 4. Nc3 c6 5. e3 Nbd7 6. Bd3 dxc4 7. Bxc4 b5 8. Bd3
a6 9. O-O Bb7 10. a3 c5 11. dxc5 Nxc5 12. Bc2 Qc7 13. b4 Rd8 14. Qe2 Nce4 15.
Nxe4 Nxe4 16. Bb2 Rd2 17. Nxd2 Qxc2 18. Bc1 Be7 19. Qd1 Qxd1 20. Rxd1 Nc3 21.
Re1 Na4 22. e4 O-O 23. Nf3 Nc3 24. e5 h6 25. Bb2 Nd5 26. Rec1 Ra8 27. Bd4 a5
28. Bc5 Bd8 29. Nd4 Bg5 30. Rcb1 Nc3 31. Rb3 axb4 32. Bxb4 Nd5 33. Nxb5 Ba6 34.
Nd6 Nf4 35. Ne4 Ne2+ 36. Kh1 Bf4 37. Bd6 Nd4 38. Rb6 Nf5 39. Rb8+ Rxb8 40. Bxb8
f6 41. g3 Bxe5 42. Bxe5 fxe5 43. Nc5 Bc4 44. a4 Nd4 45. h4 Kf7 46. a5 Bd5+ 47.
Kg1 Ke7 48. a6 Kd6 49. Ra5 Nc6 50. Nb7+ Kc7 51. a7 Nxa7 52. Rxa7 Bxb7 53. Ra4
e4 54. Kf1 g6 55. Ke2 Kd6 56. Ke3 Ke5 57. Ra7 Bc6 58. Rh7 h5 59. Rh8 Bd5 60.
Rg8 Kf5 61. Kd4 Kf6 62. Rf8+ Ke7 63. Rf4 Bc6 64. Ke5 Be8 65. Rxe4 Bc6 66. Rc4
Bf3 67. Rc7+ Kd8 68. Rg7
1-0

[Event "Fagernes Chess International 2014"]
[Site "Fagernes"]
[Date "2014.04.13"]
[Round "8"]
[White "Berntsen-Øybø, August"]
[Black "Mørkedal, Øyvind"]
[Result "1/2-1/2"]
[WhiteElo "1545"]
[BlackElo "1729"]
[PlyCount "135"]
[EventDate "2014.??.??"]

1. e4 e5 2. Nf3 Nc6 3. d4 exd4 4. Nxd4 Nf6 5. Nc3 Bb4 6. Nxc6 bxc6 7. Bd3 d5 8.
exd5 cxd5 9. O-O O-O 10. Qf3 c6 11. Bg5 Be7 12. Ne2 Bg4 13. Qg3 Bxe2 14. Bxf6
Bxf6 15. Bxe2 Bxb2 16. Rab1 Qf6 17. Bd3 Rab8 18. Qc7 Be5 19. Qa5 Bd4 20. Qd2
Rxb1 21. Rxb1 Re8 22. g3 h5 23. h4 Qf3 24. Qf4 Bxf2+ 25. Kh2 Qxf4 26. gxf4 Bxh4
27. Rb7 Bf2 28. Rc7 Be3 29. Kg3 c5 30. c4 g5 31. fxg5 Bxg5 32. Kg2 Re3 33. Bf1
Ra3 34. Rxc5 Rxa2+ 35. Kf3 Ra3+ 36. Kg2 Ra2+ 37. Kh1 Rd2 38. cxd5 Be3 39. Rb5
Bb6 40. Bg2 Kg7 41. Rb3 f5 42. Kh2 h4 43. Kh3 Bf2 44. Rc3 a5 45. Ra3 Be1 46.
Re3 Bf2 47. Ra3 Kf6 48. Rxa5 Rd3+ 49. Kh2 Bg3+ 50. Kg1 Rd1+ 51. Bf1 h3 52. Ra6+
Ke5 53. Rh6 h2+ 54. Kg2 Bf4 55. Rh4 Rxd5 56. Rh8 Kf6 57. Rh3 Rd7 58. Kh1 Rg7
59. Bg2 Bg3 60. Rh6+ Ke5 61. Rb6 Kf4 62. Rb4+ Ke3 63. Rb3+ Kd2 64. Rf3 f4 65.
Ra3 Re7 66. Ra1 Rh7 67. Ra3 Be1 68. Rf3 1/2-1/2

[Event "Fagernes Chess International 2014"]
[Site "Fagernes"]
[Date "2014.04.13"]
[Round "8"]
[White "Bjornes, Leif"]
[Black "Theting, Helge E"]
[Result "1/2-1/2"]
[WhiteElo "1873"]
[BlackElo "1943"]
[PlyCount "58"]
[EventDate "2014.??.??"]

1. d4 g6 2. e4 Bg7 3. f4 d5 4. exd5 Qxd5 5. Nf3 Bg4 6. Be2 c5 7. Nc3 Qh5 8. O-O
cxd4 9. Nxd4 Bxe2 10. Ndxe2 Qc5+ 11. Kh1 Nc6 12. Rf3 Rd8 13. Qf1 Nh6 14. Be3
Qf5 15. Rc1 O-O 16. h3 Nd4 17. g4 Qc8 18. Nxd4 Bxd4 19. Bxd4 Rxd4 20. Rd1 Rxd1
21. Qxd1 Rd8 22. Rd3 Qc6+ 23. Kh2 Rxd3 24. Qxd3 Qb6 25. Nd1 Qa5 26. Qe3 Kf8 27.
a3 Qc7 28. Nc3 g5 29. Qe5 Qxe5 1/2-1/2

[Event "Fagernes Chess International 2014"]
[Site "Fagernes"]
[Date "2014.04.13"]
[Round "8"]
[White "Cerkezovic, Emir"]
[Black "Tallaksen, Henrik G"]
[Result "1/2-1/2"]
[WhiteElo "1407"]
[BlackElo "1743"]
[PlyCount "56"]
[EventDate "2014.??.??"]

1. Nf3 c5 2. g3 Nc6 3. Bg2 g6 4. O-O Bg7 5. c3 d6 6. d4 cxd4 7. cxd4 Bg4 8. e3
Qc8 9. Qa4 d5 10. Nc3 Bxf3 11. Bxf3 e6 12. Bd2 Nge7 13. b4 a6 14. Rfc1 b5 15.
Qb3 O-O 16. a4 Qd7 17. axb5 axb5 18. Rxa8 Rxa8 19. Nxb5 Rb8 20. Be2 Bf8 21. Na3
Na7 22. b5 Nec8 23. Bb4 Bxb4 24. Qxb4 Qd6 25. Qc5 Rb6 26. Rb1 Qb8 27. f3 Nd6
28. Bd3 f5 1/2-1/2